000 00940nam a2200265Ia 4500
003 OSt
005 20220923211440.0
006 a|||||r|||| 00| 0
007 ta
008 220922b |||||||| |||| 00| 0 hin d
020 _a9789350008195 (hbk)
_c200
024 _a274,350
037 _b98, 05/09/2013, Vani Prakashan
_cTextual
040 _aARTS
_cARTS
_bhin
041 _2hin
_ahin
082 _aO152,3NBHx, Q1
100 _aभुराड़िया, निर्मला
245 0 _aमत हॅंसो पद्मावती
246 _aMat haॅanso padmāvatī
260 _aनई दिल्ली
_b वाणी प्रकाशन
_c2011
300 _a106पृ.
_ccm.
650 _aहिन्दी साहित्य
_9156264
942 _hO152,3NBHx, Q1
_cTEXL
_2CC
999 _c299647
_d299647